02913nab a2200385 i 450000100060000000300080000600500170001400600190003100700150005000800410006502200140010603500220012004000310014205000200017308000060019308200120019910000330021124501050024426400660034931000140041533600310042933700330046033800430049336200100053652013710054658800830191758800850200059001620208565000210224765500320226877301300230079700180243085600620244899900170251057395FINmELB20241216232925.0m o d | cr cnu||||||||230704c20039999ag fr p o 0 0spa d a1515-6443 a(OCoLC)1394963055 aFINmELBbspaerdacFINmELB 4aH61b.F653 2003 a304a3002231 aFoladori, Guillermo,eautor.10aRegresando a la edad media. La salud pública mundial en manos de la caridad /cGuillermo Foladori. 1aQuilmes, Argentina :bUniversidad Nacional de Quilmes,c2003. aSemestral atextobtxt2rdacontent/spa acomputadorabc2rdamedia/spa arecurso en líneabcr2rdacarrier/spa0 a2000- aLa virada del milenio muestra una aparente paradoja. Por un lado, la profundización de un proceso de globalización que según los voceros de los organismos internacionales como el Banco Mundial, el Fondo Monetario Internacional, la Organización Internacional del Comercio o la Organización Mundial de la Salud, constituye el camino cierto para que los países pobres salgan de su atraso histórico. Por otro lado, el resurgimiento y profundización de las enfermedades infecciosas, que colocan a muchos de los países pobres en situación catastrófica, ya que están viendo su población diezmada y reducida la esperanza de vida para niveles medievales. En los últimos cincuenta años la esperanza de vida en los países de menores ingresos ha aumentado, pasando de 44 a 64 años. Pero, debido a pandemias como el SIDA, la tuberculosis, malaria, y otras enfermedades infecciosas, este logro se puede revertir en pocos años en muchos países, y retroceder a niveles inferiores. En el África sub-Sahariana se estima que la esperanza de vida caerá de 62 para 43 años (Geffen, 2001). En Mozambique la esperanza de vida para el 2010 estará en torno de los 36 años (GFRH, 2002). En las últimas décadas la humanidad ha visto el rápido avance de la integración económica y social, pero también de las enfermedades infecciosas. aDescripción basada en metadatos suministrados por el editor y otras fuentes. aDescripción basada en Revista theomai, n. 99 (verano 2003), P. 11 sin numerar. aRecurso electrónico. Santa Fe, Arg.: elibro, 2023. Disponible vía World Wide Web. El acceso puede estar limitado para las bibliotecas afiliadas a elibro. 4aSalud pública. 4aArtículos electrónicos.1 tRevista theomai.xISSN1515-6443dBernal, Argentina : Universidad Nacional de Quilmes.gn. 99 (verano 2003), p. 11 sin numerar2 aelibro, Corp.40uhttps://elibro.net/ereader/politecnicointernacional/20971 c57395d57395